[Event "Stay Safe Play From Home 304"]
[Site "Emanuel Lasker Arena"]
[Date "2020.07.15"]
[Round "3"]
[White "Buzaglo"]
[Black "Lamborghini"]
[Result "1-0"]
[WhiteElo "1822"]
[BlackElo "2139"]
[Annotator "TA"]
[PlyCount "105"]
[EventDate "2020.07.15"]
[EventType "swiss (blitz)"]

{[%evp 15,105,36,60,29,52,-1,16,-124,-131,-191,-58,-211,-200,-201,-197,-206,0,-378,-366,-374,-368,-365,-335,-346,-346,-372,-349,-350,-340,-383,-375,-372,-310,-411,-399,-392,-278,-383,-286,-289,-283,-284,-266,-314,-308,-360,-360,-451,-345,-379,-291,-287,-67,-70,47,-536,-213,-234,-236,-239,0,0,14,-126,0,0,0,-166,-112,-201,-191,-293,-195,-522,-500,-29999,-419,-29999,-136,-141,-144,-409,66,-427,-419,-917,-757,-2072,680,639,591,568]} 1. d4 Nf6 2. Nf3 g6 3. g3 Bg7 4. Bg2 O-O 5. O-O c6 6. c4 d6 7. Nc3 Qa5 {7...Bf5 is more fashionable. Played by Fabiano Caruana in May 2020.} 8. e4 Bg4 9. Qd3 {E62: King's Indian: Fianchetto: 6...c6 and Panno Variation (6...Nc6) without ...a6.} Na6 {[#]} 10. e5 $146 ({Better is} 10. Be3 $14) ({Predecessor:} 10. h3 Bxf3 11. Bxf3 c5 12. e5 Nd7 13. exd6 cxd4 14. dxe7 Rfe8 15. Nd5 Ne5 16. Qd1 Qc5 {1-0 (46) Frosch,E (2314)-Baumegger,S (2397) Austria 2000}) 10... dxe5 11. dxe5 (11. Nxe5 $11 Rad8 12. Nxg4 Nxg4 13. d5) 11... Nd7 12. e6 (12. Bf4 $17) 12... Nac5 (12... Bxe6 $19 13. Bd2 Nb6) 13. Qc2 $2 (13. exf7+ $15 Rxf7 14. Qe3) 13... Bxe6 ({Don't do} 13... fxe6 14. Ng5 $17) 14. Be3 Bxc4 15. Rfd1 Nf6 $2 (15... Rfd8 $19 16. Rac1 Nb6) 16. a3 $2 {[%mdl 8192]} (16. Rd4 $1 $11 b5 17. Ne5) 16... Bb3 $19 {[%mdl 64] Skewer} 17. Qe2 Bxd1 18. Rxd1 Nce4 19. Nxe4 Nxe4 20. Nd4 Nf6 21. Nb3 Qc7 22. Nc5 Rad8 23. Rc1 b6 24. Nb3 c5 25. Nd2 e5 26. Nf3 Ne4 27. b4 Rd7 28. h4 Rfd8 29. bxc5 Nxc5 30. Bxc5 bxc5 31. Qe4 h6 32. Kh2 Kh7 {Strongly threatening ...f5.} 33. h5 f5 $2 (33... Bf6 $19 {Hoping for ...Rd1.} 34. hxg6+ fxg6) 34. hxg6+ $15 Kxg6 (34... Kh8 $15 35. Qxf5 Rf8) 35. Qh4 $2 {[%mdl 8192]} (35. Nh4+ $14 {was the only good move.} Kf7 36. Qxf5+ Kg8 37. Qe6+ Rf7 38. Bd5) 35... Rd4 $2 (35... e4 36. Bh3 Bf6 37. Bxf5+ Kxf5 38. Qh5+ Bg5 39. Nh4+ Ke5) 36. Qh3 $19 Rg4 37. Nh4+ {[#]} Kh7 $2 (37... Kf6 {[#]} 38. Nxf5 $1 {[%mdl 512]} Rg5 39. Be4 $11) (37... Rxh4 $1 $19 38. Qxh4 (38. gxh4 e4+) 38... Rd4) 38. Nxf5 $11 Rg5 39. Ne3 (39. Be4 $11 {remains equal.} Kg8 40. Nxh6+ Bxh6 41. Qxh6) 39... e4 (39... Kh8 $17 {White must now prevent ...Rf8.} 40. Be4 Rf8) 40. Bxe4+ Kh8 {aiming for ...Qf7.} 41. Qe6 $2 (41. f4 $11 {and White stays safe.} Qe7 42. Rc4 Rd2+ 43. Ng2) 41... Qe5 ({Black should try} 41... Rf8 $19 42. Nf5 Qb6 43. Nxg7 Rxg7) 42. Qxe5 (42. Qc6 $17 {was worth a try.}) 42... Rxe5 $19 43. Bg2 (43. Bb1 $142) 43... Rd2 44. Ng4 $2 (44. Nc4 Rh5+ 45. Kg1) 44... Rg5 45. Kh3 (45. Ne3 $19 Rxf2 46. Rc2 Rxc2 47. Nxc2) 45... Bd4 (45... Rh5# $142) 46. f4 (46. Be4 $19) 46... h5 $2 (46... Rh5# {mates}) 47. fxg5 hxg4+ 48. Kxg4 $2 $17 {[%mdl 8192] KRB-KRB} (48. Kh2 $17) 48... Kg7 $2 ({Black should play} 48... Rxg2 $19 49. Rc4 Rf2) 49. Kh5 $2 {[%mdl 8192]} (49. Be4 $14 {keeps the upper hand.}) 49... Rxg2 $19 50. Rf1 (50. Rc4 $142) 50... Rxg3 51. Kh4 Rh3+ $4 {[%mdl 8192]} (51... Rg1 $19 52. Rf5 Kg6) 52. Kxh3 $18 Kg6 53. Kg4 {Accuracy: White = 26%, Black = 33%.} 1-0

[Event "Stay Safe Play From Home 304"]
[Site "Emanuel Lasker Arena"]
[Date "2020.07.15"]
[Round "3"]
[White "Klasman"]
[Black "Tartak"]
[Result "0-1"]
[WhiteElo "1313"]
[BlackElo "1552"]
[Annotator "NA RC"]
[PlyCount "54"]
[EventDate "2020.07.15"]
[EventType "swiss (blitz)"]

1. f4 {[%emt 0:00:01]} e6 {[%emt 0:00:01]} 2. e4 {[%emt 0:00:01]} d5 {[%emt 0:00:01]} 3. e5 {[%emt 0:00:02]} d4 {[%emt 0:00:01]} 4. Nf3 {[%emt 0:00:01]} Nc6 {[%emt 0:00:00]} 5. c3 {[%emt 0:00:02]} Nh6 {[%emt 0:00:01]} 6. cxd4 {[%emt 0:00:02]} Nxd4 {[%emt 0:00:01]} 7. Nc3 {[%emt 0:00:04]} Bc5 {[%emt 0:00:01]} 8. Ne4 {[%emt 0:00:03]} Nhf5 {[%emt 0:00:02]} 9. Nxc5 {[%emt 0:00:02]} O-O {[%emt 0:00:04]} 10. Ne4 {[%emt 0:00:01]} b6 {[%emt 0:00:02]} 11. d3 {[%emt 0:00:02]} Bb7 {[%emt 0:00:01]} 12. Be2 {[%emt 0:00:03]} Nxe2 {[%emt 0:00:02]} 13. Qxe2 {[%emt 0:00:01]} Nd4 {[%emt 0:00:00]} 14. Qf2 {[%emt 0:00:04]} Bxe4 {[%emt 0:00:02]} 15. dxe4 {[%emt 0:00:01]} c5 {[%emt 0:00:02]} 16. Be3 {[%emt 0:00:01]} Rc8 {[%emt 0:00:03]} 17. Nxd4 {[%emt 0:00:02]} cxd4 {[%emt 0:00:01]} 18. Bxd4 {[%emt 0:00:01]} Qc7 {[%emt 0:00:02]} 19. Bc3 {[%emt 0:00:01]} Qc4 {[%emt 0:00:01]} 20. f5 {[%emt 0:00:02]} Qxe4+ {[%emt 0:00:01]} 21. Qe2 {[%emt 0:00:01]} Qxf5 {[%emt 0:00:01]} 22. Rf1 {[%emt 0:00:02]} Qg6 {[%emt 0:00:02]} 23. Rf3 {[%emt 0:00:03]} Rc5 {[%emt 0:00:01]} 24. Rg3 {[%emt 0:00:02]} Qh6 {[%emt 0:00:01]} 25. Bd2 {[%emt 0:00:02]} Qxh2 {[%emt 0:00:01]} 26. Qg4 {[%emt 0:00:04]} Rxe5+ {[%emt 0:00:04]} 27. Kf2 {[%emt 0:00:06]} g6 {[%emt 0:00:05] Time (Lag: Av=0.72s, max=1.4s)} 0-1

[Event "Stay Safe Play From Home 304"]
[Site "Emanuel Lasker Arena"]
[Date "2020.07.15"]
[Round "4"]
[White "Broken sword"]
[Black "Buzaglo"]
[Result "1-0"]
[WhiteElo "2405"]
[BlackElo "1851"]
[Annotator "RC"]
[PlyCount "117"]
[EventDate "2020.07.15"]
[EventType "swiss (blitz)"]

1. e4 {[%emt 0:00:01]} e6 {[%emt 0:00:00]} 2. d4 {[%emt 0:00:01]} d5 {[%emt 0:00:00]} 3. Nd2 {[%emt 0:00:00]} c5 {[%emt 0:00:00]} 4. exd5 {[%emt 0:00:01]} exd5 {[%emt 0:00:01]} 5. Ngf3 {[%emt 0:00:00]} Nf6 {[%emt 0:00:00]} 6. Bb5+ {[%emt 0:00:01]} Bd7 {[%emt 0:00:01]} 7. Bxd7+ {[%emt 0:00:00]} Nbxd7 {[%emt 0:00:00]} 8. O-O {[%emt 0:00:00]} Bd6 {[%emt 0:00:01]} 9. dxc5 {[%emt 0:00:00]} Nxc5 {[%emt 0:00:01]} 10. Re1+ {[%emt 0:00:00]} Be7 {[%emt 0:00:01]} 11. Nb3 {[%emt 0:00:01]} O-O {[%emt 0:00:02]} 12. Bg5 {[%emt 0:00:02]} Nxb3 {[%emt 0:00:01]} 13. axb3 {[%emt 0:00:00]} Qd6 {[%emt 0:00:02]} 14. Bxf6 {[%emt 0:00:01]} Bxf6 {[%emt 0:00:01]} 15. c3 {[%emt 0:00:00]} Rac8 {[%emt 0:00:01]} 16. Rxa7 {[%emt 0:00:03]} b5 {[%emt 0:00:01]} 17. b4 {[%emt 0:00:03]} Qf4 {[%emt 0:00:03]} 18. Qd3 {[%emt 0:00:03]} Qg4 {[%emt 0:00:02]} 19. h3 {[%emt 0:00:02]} Qh5 {[%emt 0:00:02]} 20. Rd7 {[%emt 0:00:04]} Rfd8 {[%emt 0:00:02]} 21. Rxd8+ {[%emt 0:00:01]} Rxd8 {[%emt 0:00:00]} 22. Rd1 {[%emt 0:00:00]} g5 {[%emt 0:00:04]} 23. Qxb5 {[%emt 0:00:02]} g4 {[%emt 0:00:02]} 24. hxg4 {[%emt 0:00:00]} Qxg4 {[%emt 0:00:01]} 25. Rxd5 {[%emt 0:00:01]} Rf8 {[%emt 0:00:04]} 26. Qd3 {[%emt 0:00:01]} Qe6 {[%emt 0:00:02]} 27. Qf5 {[%emt 0:00:02]} Qxf5 {[%emt 0:00:03]} 28. Rxf5 {[%emt 0:00:01]} Bg7 {[%emt 0:00:00]} 29. Rd5 {[%emt 0:00:01]} Kh8 {[%emt 0:00:00]} 30. g3 {[%emt 0:00:01]} Re8 {[%emt 0:00:01]} 31. Rd2 {[%emt 0:00:01]} h5 {[%emt 0:00:04]} 32. Kf1 {[%emt 0:00:01]} Ra8 {[%emt 0:00:01]} 33. Rd6 {[%emt 0:00:02]} Ra1+ {[%emt 0:00:01]} 34. Kg2 {[%emt 0:00:01]} Ra2 {[%emt 0:00:00]} 35. Rd2 {[%emt 0:00:01]} Ra6 {[%emt 0:00:02]} 36. Rd7 {[%emt 0:00:01]} Rf6 {[%emt 0:00:00]} 37. Nd4 {[%emt 0:00:03]} Rg6 {[%emt 0:00:04]} 38. Ne2 {[%emt 0:00:01]} Kg8 {[%emt 0:00:01]} 39. Nf4 {[%emt 0:00:01]} Ra6 {[%emt 0:00:02]} 40. Nxh5 {[%emt 0:00:01]} Ra2 {[%emt 0:00:00]} 41. Nxg7 {[%emt 0:00:00]} Kxg7 {[%emt 0:00:01]} 42. Rd2 {[%emt 0:00:00]} Ra7 {[%emt 0:00:01]} 43. Kf3 {[%emt 0:00:00]} Re7 {[%emt 0:00:00]} 44. Rc2 {[%emt 0:00:01]} Re6 {[%emt 0:00:00]} 45. c4 {[%emt 0:00:01]} Rf6+ {[%emt 0:00:00]} 46. Ke2 {[%emt 0:00:01]} Rg6 {[%emt 0:00:00]} 47. Kd3 {[%emt 0:00:00]} Rf6 {[%emt 0:00:00]} 48. Kc3 {[%emt 0:00:00]} Rf3+ {[%emt 0:00:00]} 49. Kd2 {[%emt 0:00:01]} Rf6 {[%emt 0:00:00]} 50. f4 {[%emt 0:00:01]} Rg6 {[%emt 0:00:01]} 51. Rc3 {[%emt 0:00:01]} Rh6 {[%emt 0:00:01]} 52. Kc2 {[%emt 0:00:00]} Rh2+ {[%emt 0:00:00]} 53. Kb3 {[%emt 0:00:00]} Rh1 {[%emt 0:00:00]} 54. c5 {[%emt 0:00:00]} Rh2 {[%emt 0:00:00]} 55. c6 {[%emt 0:00:00]} Rh6 {[%emt 0:00:01]} 56. c7 {[%emt 0:00:00]} Ra6 {[%emt 0:00:00]} 57. c8=Q {[%emt 0:00:00]} Rg6 {[%emt 0:00:00]} 58. Qc5 {[%emt 0:00:01]} Rxg3 {[%emt 0:00:00]} 59. Qe5+ {[%emt 0:00:01] Time (Lag: Av=0.56s, max=1.3s)} 1-0

[Event "Stay Safe Play From Home 304"]
[Site "Emanuel Lasker Arena"]
[Date "2020.07.15"]
[Round "4"]
[White "Tolka"]
[Black "SoulofWolf"]
[Result "0-1"]
[WhiteElo "2362"]
[BlackElo "2093"]
[Annotator "TA"]
[PlyCount "98"]
[EventDate "2020.07.15"]
[EventType "swiss (blitz)"]

{[%evp 16,97,-17,-16,-2,-54,-60,-62,180,179,193,179,183,195,187,161,199,193,194,194,213,175,290,269,291,262,270,236,373,365,362,354,445,443,446,351,320,-147,-142,-136,-14,-164,-164,-245,-184,-306,-164,-181,-170,-237,0,-258,-258,-386,-258,-591,-225,-1168,-170,-166,0,-1047,-187,-1718,-1280,-2350,-167,-204,-168,-160,-144,-139,-125,-850,-285,-1091,-251,-316,-237,-477,-363,-29997,-29998,-29999]} 1. e4 d6 2. Nc3 c5 3. f4 Nc6 4. Nf3 g6 5. Bb5 Bd7 6. Bxc6 Bxc6 7. O-O Bg7 8. d3 e6 9. Qe1 Ne7 {B23: Closed Sicilian: Lines without g3.} 10. Kh1 {[#]} ({White should play} 10. b3 $11) 10... f5 $146 ({Predecessor:} 10... O-O 11. Bd2 b5 12. Qh4 b4 13. Nd1 d5 14. e5 a5 15. Ne3 Nf5 16. Qh3 h6 17. Ng4 {½-½ (29) Petrosian,T (2592)-Sammour Hasbun,J (2449) ICC INT 2007}) 11. Qh4 O-O $2 {[#]} (11... b5 $15 {keeps the upper hand.}) 12. Ng5 $1 $18 {[%csl Gg5,LRe6,LRh7][%cal Rh4h7][%mdl 576] Double Attack} h5 13. Nxe6 {[%mdl 64] Double Attack} Qd7 14. Nxf8 Rxf8 15. Bd2 b5 16. Rae1 b4 17. Nd1 Bf6 18. Qg3 Kh7 (18... fxe4 $142 19. dxe4 h4) 19. e5 Bg7 20. exd6 Qxd6 21. Ne3 a5 (21... Bb5 $142 22. Bc1 Nd5 23. Nxd5 Qxd5) 22. Nc4 Qc7 23. Be3 Nd5 24. Bxc5 Rd8 25. Bb6 Nxb6 26. Nxb6 $2 ({White must play} 26. Re6 $18 Qf7 27. Rxc6 Nxc4 28. Rxc4) 26... Qxb6 $17 27. Re7 Rd7 (27... Bd5 $17 {...Rc8 is the strong threat.} 28. Rfe1 Qc6) 28. Rxd7 (28. Rfe1 $11 Rxe7 29. Rxe7) 28... Bxd7 $19 29. Qe1 (29. b3 {was necessary.}) 29... Qc6 {[%mdl 1024] Black has strong compensation.} 30. b3 (30. Qe7 $142) 30... Qd5 (30... Qxc2 $142 31. Rf2 Qxd3) 31. Qe2 Bc6 32. Re1 (32. h3 {keeps fighting.}) 32... Bc3 $2 ({Black should try} 32... Kh6 $19 33. Rb1 Bd4) 33. Rf1 $2 {[%mdl 8192]} (33. Qe7+ $1 $11 {and White has nothing to worry.} Bg7 34. Re2) 33... Kh6 34. Qf2 (34. h4 $142) 34... Bd4 35. Qg3 $2 (35. Qe2 {is a better chance.}) 35... Bf6 $2 (35... Kg7 36. h4 Qc5) 36. Re1 $2 {[#]} (36. Qf2) 36... Qd6 $2 (36... Bh4 $1 {[%mdl 512]} 37. Re5 (37. Qxh4 Qxg2#) 37... Qxe5 38. fxe5 Bxg3 39. hxg3 Kg5) 37. Qe3 {intending Qe6.} Qd5 $2 (37... Bc3 38. Rf1 Bd4) 38. Qg3 $1 {[#]} a4 $2 (38... Bh4 $1 {[%mdl 512]} 39. Re5 (39. Qxh4 Qxg2#) 39... Qxe5 40. fxe5 Bxg3 41. hxg3 Bd5) 39. Qf2 $2 (39. Re2) 39... axb3 40. axb3 {[#]} Bd4 $2 (40... Bh4 $1 {[%mdl 512]} 41. Qe2 (41. Qxh4 Qxg2#) 41... Bxe1) 41. Qe2 Bc3 42. Rf1 Bf6 43. Rf3 Qd6 44. Re3 $2 {[%mdl 8192]} (44. Rf1 $17) 44... Bd5 $2 (44... Qxf4 45. Re6 Qc1+ 46. Qe1 Qxc2 {[%mdl 64] Double Attack}) 45. h3 $2 (45. Re8) 45... Qc6 $2 (45... Qxf4 {( -> ...Bd4)} 46. d4 Be4) 46. Kh2 Bd4 47. Re8 $2 (47. Re5) 47... Qd6 48. Qe7 $2 (48. Qd2 $19 g5 49. h4 gxf4 50. g3) 48... Qxf4+ 49. g3 Qf2# {Accuracy: White = 24%, Black = 32%.} 0-1

[Event "Stay Safe Play From Home 304"]
[Site "Emanuel Lasker Arena"]
[Date "2020.07.15"]
[Round "4"]
[White "Weltszmerc"]
[Black "Mamba2001de"]
[Result "1-0"]
[WhiteElo "2162"]
[BlackElo "1487"]
[Annotator "NA RC"]
[PlyCount "31"]
[EventDate "2020.07.15"]
[EventType "swiss (blitz)"]

1. d4 {[%emt 0:00:01]} e6 {[%emt 0:00:01]} 2. c4 {[%emt 0:00:00]} Nf6 {[%emt 0:00:01]} 3. Nf3 {[%emt 0:00:00]} d5 {[%emt 0:00:01]} 4. g3 {[%emt 0:00:01]} Be7 {[%emt 0:00:01]} 5. Bg2 {[%emt 0:00:00]} O-O {[%emt 0:00:01]} 6. O-O {[%emt 0:00:00]} c5 {[%emt 0:00:01]} 7. cxd5 {[%emt 0:00:01]} exd5 {[%emt 0:00:01]} 8. b3 {[%emt 0:00:01]} cxd4 {[%emt 0:00:01]} 9. Bb2 {[%emt 0:00:01]} Nc6 {[%emt 0:00:00]} 10. Nxd4 {[%emt 0:00:01]} Nxd4 {[%emt 0:00:01]} 11. Qxd4 {[%emt 0:00:00]} Be6 {[%emt 0:00:01]} 12. Nc3 {[%emt 0:00:01]} Rc8 {[%emt 0:00:01]} 13. Rfd1 {[%emt 0:00:01]} a6 {[%emt 0:00:01]} 14. Nxd5 {[%emt 0:00:01]} Bxd5 {[%emt 0:00:02]} 15. Bxd5 {[%emt 0:00:01]} Nxd5 {[%emt 0:00:01]} 16. Qxg7# {[%emt 0:00:01] (Lag: Av=0.79s, max=1.2s)} 1-0

[Event "Stay Safe Play From Home 304"]
[Site "Emanuel Lasker Arena"]
[Date "2020.07.15"]
[Round "4"]
[White "Scorpio New"]
[Black "NTBT_DHS"]
[Result "0-1"]
[WhiteElo "2117"]
[BlackElo "2506"]
[Annotator "RC"]
[PlyCount "82"]
[EventDate "2020.07.15"]
[EventType "swiss (blitz)"]

1. d3 {[%emt 0:00:01]} g6 {[%emt 0:00:00]} 2. Nf3 {[%emt 0:00:00]} Bg7 {[%emt 0:00:00]} 3. Nbd2 {[%emt 0:00:01]} Nf6 {[%emt 0:00:00]} 4. c3 {[%emt 0:00:00]} O-O {[%emt 0:00:00]} 5. Qc2 {[%emt 0:00:00]} d5 {[%emt 0:00:01]} 6. e4 {[%emt 0:00:00]} c5 {[%emt 0:00:00]} 7. g3 {[%emt 0:00:01]} Nc6 {[%emt 0:00:01]} 8. Bg2 {[%emt 0:00:00]} d4 {[%emt 0:00:00]} 9. c4 {[%emt 0:00:01]} Nb4 {[%emt 0:00:01]} 10. Qb1 {[%emt 0:00:01]} a5 {[%emt 0:00:01]} 11. a3 {[%emt 0:00:00]} Nc6 {[%emt 0:00:00]} 12. Qc2 {[%emt 0:00:00]} a4 {[%emt 0:00:00]} 13. O-O {[%emt 0:00:01]} e5 {[%emt 0:00:00]} 14. h4 {[%emt 0:00:02]} Bg4 {[%emt 0:00:02]} 15. Nh2 {[%emt 0:00:01]} Be6 {[%emt 0:00:00]} 16. Ndf3 {[%emt 0:00:01]} Ne8 {[%emt 0:00:01]} 17. Ng5 {[%emt 0:00:01]} Bd7 {[%emt 0:00:00]} 18. Ngf3 {[%emt 0:00:01]} Nd6 {[%emt 0:00:01]} 19. Qe2 {[%emt 0:00:01]} f5 {[%emt 0:00:01]} 20. exf5 {[%emt 0:00:02]} Bxf5 {[%emt 0:00:01]} 21. Ng5 {[%emt 0:00:01]} h6 {[%emt 0:00:02]} 22. Ne4 {[%emt 0:00:01]} Qd7 {[%emt 0:00:01]} 23. Re1 {[%emt 0:00:03]} Nxe4 {[%emt 0:00:02]} 24. Bxe4 {[%emt 0:00:01]} Rae8 {[%emt 0:00:00]} 25. Nf3 {[%emt 0:00:02]} Bg4 {[%emt 0:00:02]} 26. Kg2 {[%emt 0:00:04]} Kh8 {[%emt 0:00:01]} 27. Qd2 {[%emt 0:00:05]} Bxf3+ {[%emt 0:00:05]} 28. Bxf3 {[%emt 0:00:00]} Rxf3 {[%emt 0:00:00]} 29. Kxf3 {[%emt 0:00:01]} Qh3 {[%emt 0:00:00]} 30. Rg1 {[%emt 0:00:05]} Qh2 {[%emt 0:00:03]} 31. Qd1 {[%emt 0:00:03]} Rf8+ {[%emt 0:00:01]} 32. Ke4 {[%emt 0:00:02]} Qxf2 {[%emt 0:00:03]} 33. Kd5 {[%emt 0:00:01]} Qf7+ {[%emt 0:00:02]} 34. Kxc5 {[%emt 0:00:01]} Ra8 {[%emt 0:00:03]} 35. b4 {[%emt 0:00:01]} axb3 {[%emt 0:00:01]} 36. Qxb3 {[%emt 0:00:03]} Ra5+ {[%emt 0:00:01]} 37. Kb6 {[%emt 0:00:01]} Qe7 {[%emt 0:00:00]} 38. Qb5 {[%emt 0:00:02]} Rxb5+ {[%emt 0:00:01]} 39. cxb5 {[%emt 0:00:00]} Qd8+ {[%emt 0:00:02]} 40. Kc5 {[%emt 0:00:01]} Bf8+ {[%emt 0:00:01]} 41. Kc4 {[%emt 0:00:02]} Na5# {[%emt 0:00:00] (Lag: Av=0.54s, max=0.9s)} 0-1

[Event "Stay Safe Play From Home 304"]
[Site "Emanuel Lasker Arena"]
[Date "2020.07.15"]
[Round "4"]
[White "Lamborghini"]
[Black "Tartak"]
[Result "1-0"]
[WhiteElo "2110"]
[BlackElo "1559"]
[Annotator "TA"]
[PlyCount "99"]
[EventDate "2020.07.15"]
[EventType "swiss (blitz)"]

{[%evp 16,99,39,31,78,75,79,80,120,85,90,79,114,104,118,94,114,91,126,100,185,100,117,116,116,112,115,33,32,43,135,122,220,176,228,229,299,307,375,372,416,413,383,292,297,263,407,234,453,443,842,735,839,836,29993,29987,29987,29988,29988,29989,29989,29990,29991,29992,29992,29991,29991,29991,29991,29992,29993,29992,29992,29993,29996,29994,29994,29995,29995,29994,29994,29995,29995,29996,29996,29997]} 1. e4 e5 2. Nf3 Nc6 3. Bb5 a6 4. Ba4 Nf6 5. O-O Be7 6. Re1 b5 7. Bb3 Bb7 8. c3 O-O 9. d3 {[#]} b4 $146 {C88: Closed Ruy Lopez: Anti-Marshall Systems.} ({Predecessor:} 9... Re8 10. Nbd2 Bf8 11. Nf1 h6 12. Ng3 Na5 13. Bc2 c5 14. d4 d6 15. d5 Bc8 16. b3 Bd7 17. h3 Qc7 18. Be3 Nb7 19. b4 a5 {0-1 (62) Popovic,D (2628)-Pavlovic,M (2452) Belgrade 2014}) 10. Nbd2 bxc3 11. bxc3 a5 {White is better.} 12. Nf1 d6 13. Ng3 a4 14. Bxa4 Na5 15. Bc2 c5 16. Bg5 Nc6 17. Nf5 Ba6 (17... Bc8 $16 {was worth a try.}) 18. Ne3 ({Better is} 18. d4 $18) 18... Ng4 19. Bxe7 Nxe3 20. Bxd8 Nxd1 21. Bc7 (21. Rexd1 $16 Rfxd8 22. Rdb1) 21... Nxc3 $14 22. Bxd6 {[%mdl 64] [#] Double Attack} Rfe8 {White leaves nothing to chance now.} (22... Rfd8 $14 23. Bxe5 (23. Bxc5 Bxd3 24. Bb3 Bxe4 $11) 23... Bxd3 24. Bxd3 Rxd3) 23. Bxc5 $16 Nd4 (23... Bb5 $16 {is a better defense.} 24. Bb3 Bxd3) 24. Nxd4 exd4 (24... Rec8 {might work better.} 25. Bb6 (25. Nb3 Na4 $16) 25... exd4) 25. Bxd4 $18 Nb5 26. Bb2 Nd6 27. e5 Nf5 28. d4 g6 29. Bxf5 gxf5 30. d5 Bd3 (30... Bc4 $142 31. d6 Rxa2) 31. Bd4 (31. Re3 $142 Reb8 32. Rxd3 Rxb2 33. f4) 31... Rac8 $2 (31... Bc4 32. d6 Bxa2) 32. d6 {Black must now prevent d7.} f6 (32... Red8 $142 33. a4 Rd7) 33. Rad1 fxe5 34. d7 {[%mdl 64] [#] Double Attack} exd4 35. dxe8=Q+ {White mates.} Rxe8 36. Rxe8+ Kf7 37. Rxd3 Kxe8 38. Rxd4 {[%mdl 4096] Endgame KR-KPP} Kf7 39. f4 Ke6 40. Kf2 h5 41. Kg3 Kf6 42. Kh4 Ke6 43. g3 Kf6 44. Kxh5 {KR-KP} Ke6 45. Kg5 Kf7 46. Kxf5 Ke7 47. Rd5 Kf7 48. Rd7+ Ke8 49. Ke6 Kf8 50. Kf6 {Accuracy: White = 63%, Black = 21%.} 1-0

[Event "Stay Safe Play From Home 304"]
[Site "Emanuel Lasker Arena"]
[Date "2020.07.15"]
[Round "4"]
[White "Lazieri3"]
[Black "Bardellosport"]
[Result "1-0"]
[WhiteElo "2088"]
[BlackElo "2018"]
[Annotator "TA"]
[PlyCount "79"]
[EventDate "2020.07.15"]
[EventType "swiss (blitz)"]

{[%evp 9,78,2,24,-38,-14,-22,10,9,16,10,27,19,21,23,33,27,39,20,27,4,58,60,65,34,79,59,48,46,45,25,38,33,42,11,20,16,31,0,0,0,0,0,0,0,0,0,0,0,35,0,0,-281,-176,-147,-178,-805,-166,-180,-160,-278,-272,-253,-35,-17,-23,-20,-8,-28,620,602,29999]} 1. e4 a6 2. Nc3 b5 3. d4 Bb7 4. f3 e6 5. Be3 Nf6 {[#]} 6. Nce2 $146 {B00: Queen's Fianchetto Defence, Nimzowitsch Defence.} (6. Bd3 $11) ({Predecessor:} 6. Qd2 d6 7. g4 h6 8. Nge2 Nbd7 9. Ng3 c5 10. a4 b4 11. Nd1 Qc7 12. c3 Rb8 {0-1 (64) Milosevic,M (2136)-Medancic,R (2270) Belgrade 2016}) 6... Be7 7. c3 d5 8. e5 {The position is equal.} Nfd7 9. f4 g6 10. Nf3 c5 11. g3 cxd4 12. cxd4 Nc6 13. Bg2 Nb6 14. O-O Qd7 (14... a5 $11) 15. b3 $14 h5 16. Rc1 O-O-O 17. Nc3 Kb8 18. Ne1 h4 19. Nd3 Nb4 20. Nxb4 Bxb4 21. Bd2 Ba3 22. Rc2 Be7 23. a4 b4 24. Ne2 a5 25. g4 Rc8 26. Rxc8+ Rxc8 27. f5 gxf5 28. gxf5 exf5 29. Qb1 Rg8 {White must now prevent ...h3.} 30. Qxf5 $2 {[%mdl 8192]} (30. Kh1 $11 {and White has nothing to worry.}) 30... Qxf5 31. Rxf5 h3 $1 {[%mdl 64] Pin} 32. Rxf7 $2 (32. Ng3 hxg2 33. Rxf7) 32... Bd8 $2 (32... Rxg2+ 33. Kf1 Ba6 34. Rxe7 Rxe2 35. Re8+ Kc7 36. Re7+ Kc8) 33. Ng3 $19 hxg2 34. Kxg2 (34. Bf4 $17 {was necessary.} Bc7 35. Nh5) 34... Bc6 35. Bf4 {Threatening e6+.} Kc8 $2 (35... Nc8 $19 36. Be3 Be8) 36. e6 $1 $15 {[%cal Re6e7] aiming for e7.} Re8 37. Nf5 Rxe6 {And now ...Rg6+ would win.} 38. Nd6+ {[#]} Kb8 $2 {[%mdl 8192]} (38... Rxd6 $1 $11 39. Bxd6 {[#]} Nc4 $1 {[%mdl 512]}) 39. Nb5+ $18 Ka8 {Threatens to win with ...Bxb5.} 40. Ra7# {Accuracy: White = 63%, Black = 56%.} 1-0

[Event "Stay Safe Play From Home 304"]
[Site "Emanuel Lasker Arena"]
[Date "2020.07.15"]
[Round "4"]
[White "TheCHESSHOUSE"]
[Black "Jhhonnyy"]
[Result "0-1"]
[WhiteElo "2044"]
[BlackElo "2310"]
[Annotator "TA"]
[PlyCount "68"]
[EventDate "2020.07.15"]
[EventType "swiss (blitz)"]

{[%evp 9,68,14,15,0,27,18,25,4,6,10,8,12,24,-21,14,14,14,37,46,23,25,0,15,0,125,5,193,-12,-7,-25,0,0,0,-33,-25,-20,0,-8,0,0,-5,-18,0,0,0,0,10,0,133,123,133,-22,-27,-914,-906,-904,-894,-1069,-1064,-1071,-950]} 1. d4 Nf6 2. c4 c5 3. d5 Ne4 4. Nf3 Qa5+ 5. Bd2 Nxd2 6. Qxd2 {[#] A56: Czech Benoni.} (6. Nfxd2 {looks sharper.} g6 7. Qc2 Bg7 8. e4 d6 9. Be2) 6... Qb6 $146 ({Predecessor:} 6... Qxd2+ 7. Nbxd2 g6 8. e3 Bg7 9. Rb1 Na6 10. a3 d6 11. Bd3 O-O 12. O-O Bd7 {0-1 (59) Schaper,K (1465)-Vieten,M (1598) Playchess.com INT 2020}) 7. e4 d6 8. Bd3 {White has an edge.} g6 9. O-O Bg7 10. Nc3 O-O 11. Rfe1 e6 12. e5 dxe5 13. Nxe5 exd5 14. Nxd5 Qd6 15. Nf3 {And now Bxg6 would win.} (15. Qf4 $5 {[%cal Re5g6]} Bxe5 16. Qxe5 (16. Rxe5 Nc6 $11) 16... Qxe5 17. Rxe5 $14) 15... Nc6 16. Rad1 Be6 {[#]} (16... Bg4 $11 {keeps the balance.}) 17. Be4 (17. Bxg6 $1 $16 Bxd5 18. Be4 {[%mdl 64] Pin} (18. cxd5 hxg6 19. dxc6 Qxc6 $11)) 17... Rad8 $2 {[#]} (17... Nd4 $11 {and Black has nothing to worry.}) 18. Qc2 $2 (18. Nf6+ $1 $18 {[%mdl 512]} Bxf6 19. Qxd6 Rxd6 20. Rxd6) 18... Qb8 19. h3 Nd4 20. Nxd4 Bxd4 21. Ne7+ Kh8 22. Nd5 Bg7 23. Qe2 a6 24. b3 b5 25. Qf3 Rfe8 26. Nf6 Rf8 27. Bd5 Bxd5 28. Rxd5 Bxf6 (28... Rxd5 $11 29. Nxd5 bxc4) 29. Qxf6+ $16 {[%mdl 64] Double Attack} Kg8 30. Re4 $2 (30. Qxa6 $16 {Strongly threatening Rxd8.} bxc4 31. Rxd8 (31. Qxc4 Qb4 $16) (31. Rxc5 Rfe8 $14) (31. bxc4 Qb4 $14) 31... Rxd8 32. Qxc4) 30... bxc4 $11 31. bxc4 $2 {[%mdl 8192]} (31. Rxd8 $11 Rxd8 32. Rf4) 31... Qb1+ $19 {Black is clearly winning.} 32. Kh2 Rxd5 ({Not} 32... Qxe4 33. Rxd8 Rxd8 34. Qxd8+ Kg7 35. Qc7 $17) 33. Re7 Rf5 34. Qd6 Qc1 {Accuracy: White = 56%, Black = 71%.} 0-1